| 000 | 00406nam a22001577a 4500 | ||
|---|---|---|---|
| 005 | 20180203113416.0 | ||
| 008 | 160427b xxu||||| |||| 00| 0 eng d | ||
| 020 | _a81-203-2312-2 | ||
| 041 | _aeng | ||
| 082 |
_b00217 _a004.21 |
||
| 100 |
_aValacich, Joseph S. and others _94054 |
||
| 245 | _aEssentials of Systems Analysis & Design | ||
| 260 |
_aNew Delhi _bPHI Pvt Ltd. _c2004 |
||
| 300 | _a460 | ||
| 942 | _cBK | ||
| 999 |
_c77 _d77 |
||